[Event "FIN-chT1B 1718"]
[Site "Finland"]
[Date "2017.09.16"]
[Round "1.2"]
[White "Ilmoni, Tommy"]
[Black "Nazarova, Anastasia"]
[Result "1/2-1/2"]
[WhiteElo "2070"]
[BlackElo "2045"]
[PlyCount "60"]
[EventDate "2017.09.16"]
[EventType "team-tourn"]
[EventRounds "7"]
[EventCountry "FIN"]
[SourceTitle "EXT 2020"]
[Source "ChessBase"]
[SourceDate "2019.10.17"]
[SourceVersion "1"]
[SourceVersionDate "2019.10.17"]
[SourceQuality "1"]
[WhiteTeam "Helsinki Garde"]
[BlackTeam "Espoo ESK"]
[WhiteTeamCountry "FIN"]
[BlackTeamCountry "FIN"]

1. d4 d5 2. c4 e6 3. Nf3 Nf6 4. Nc3 Be7 5. Bg5 h6 6. Bh4 0-0 7. e3 b6 8. Rc1 Bb7 9. cxd5 exd5 10. Bd3 Nbd7 11. 0-0 c5 12. Qe2 Ne4 13. Bxe7 Qxe7 14. Rfd1 Nxc3 15. Rxc3 c4 16. Bf5 Nf6 17. Ne5 b5 18. Rcc1 Rfe8 19. Re1 a6 20. Qc2 Bc8 21. f3 Bxf5 22. Qxf5 Qe6 23. Qf4 Rad8 24. Re2 Nd7 25. Ng4 Nf8 26. Rce1 Ng6 27. Qc7 Rd7 28. Qc5 Qe7 29. Qxe7 Rdxe7 30. g3 f5 1/2-1/2

[Event "Bangkok op 17th"]
[Site "Bangkok"]
[Date "2017.04.12"]
[Round "5"]
[White "Ilmoni, Tommy"]
[Black "Teerapabpaisit, Wisuwat"]
[Result "0-1"]
[WhiteElo "2076"]
[BlackElo "2246"]
[PlyCount "86"]
[EventDate "2017.04.08"]
[EventType "swiss"]
[EventRounds "9"]
[EventCountry "THA"]
[SourceTitle "CBM 177 Extra"]
[Source "ChessBase"]
[SourceDate "2017.04.27"]
[SourceVersion "1"]
[SourceVersionDate "2017.04.27"]
[SourceQuality "1"]

1. d4 Nf6 2. Nf3 g6 3. g3 Bg7 4. Bg2 0-0 5. 0-0 d6 6. c4 c6 7. Nc3 Qb6 8. b3 e5 9. Bb2 e4 10. Ne1 d5 11. e3 Re8 12. Qd2 Bf5 13. Na4 Qd8 14. Rc1 Nbd7 15. Nc2 h5 16. cxd5 cxd5 17. Nc5 Rb8 18. Na3 a6 19. Rc2 h4 20. b4 Nf8 21. b5 a5 22. b6 Qxb6 23. Rb1 Qd8 24. Nb5 N8h7 25. Nb3 b6 26. a4 Ng5 27. Ba3 Nf3+ 28. Bxf3 exf3 29. Bd6 Bxc2 30. Qxc2 Rc8 31. Qd1 Ne4 32. Be5 f6 33. Bf4 g5 34. Bc7 Rxc7 35. Nxc7 Qxc7 36. Rc1 Qd7 37. Qxf3 hxg3 38. hxg3 Rc8 39. Qd1 Bf8 40. Kg2 Bd6 41. Nd2 Rxc1 42. Qxc1 Nxd2 43. Qxd2 Qxa4 0-1

[Event "FIN-chT 1516"]
[Site "Finland"]
[Date "2015.11.07"]
[Round "5.7"]
[White "Ilmoni, Tommy"]
[Black "Puuska, Heini"]
[Result "1/2-1/2"]
[WhiteElo "2081"]
[BlackElo "1982"]
[PlyCount "79"]
[EventDate "2015.09.12"]
[EventType "team-tourn"]
[EventRounds "11"]
[EventCountry "FIN"]
[SourceTitle "EXT 2017"]
[Source "ChessBase"]
[SourceDate "2016.10.25"]
[SourceVersion "1"]
[SourceVersionDate "2016.10.25"]
[SourceQuality "1"]
[WhiteTeam "Helsinki Garde"]
[BlackTeam "Helsinki Velhot"]
[WhiteTeamCountry "FIN"]
[BlackTeamCountry "FIN"]

1. d4 g6 2. Nf3 Bg7 3. g3 d6 4. Bg2 Nd7 5. c4 e5 6. dxe5 Nxe5 7. Nxe5 Bxe5 8. 0-0 Ne7 9. Qc2 0-0 10. Nc3 Rb8 11. Bh6 Bg7 12. Bg5 h6 13. Bf4 Re8 14. Rad1 Nf5 15. e4 Nd4 16. Qd2 Bh3 17. Bxh6 Qf6 18. f4 Bxg2 19. Bxg7 Qxg7 20. Kxg2 c5 21. f5 gxf5 22. exf5 f6 23. Rf4 Re5 24. Rdf1 b5 25. cxb5 Rxb5 26. Rxd4 cxd4 27. Nxb5 Qb7+ 28. Kg1 Rxb5 29. b3 Qd5 30. Rf4 d3 31. Rg4+ Kf7 32. Qh6 Qc5+ 33. Kg2 Qd5+ 34. Kh3 Qxf5 35. Qg7+ Ke6 36. Qg8+ Kd7 37. Qf7+ Kc6 38. Qe8+ Kc7 39. Qe7+ Kc6 40. Qe8+ 1/2-1/2

[Event "FIN-chT 1516"]
[Site "Finland"]
[Date "2015.10.11"]
[Round "4.6"]
[White "Ilmoni, Tommy"]
[Black "Tommiska, Matti"]
[Result "0-1"]
[WhiteElo "2081"]
[BlackElo "2229"]
[PlyCount "82"]
[EventDate "2015.09.12"]
[EventType "team-tourn"]
[EventRounds "11"]
[EventCountry "FIN"]
[SourceTitle "EXT 2017"]
[Source "ChessBase"]
[SourceDate "2016.10.25"]
[SourceVersion "1"]
[SourceVersionDate "2016.10.25"]
[SourceQuality "1"]
[WhiteTeam "Helsinki Garde"]
[BlackTeam "Vantaa EtVaS"]
[WhiteTeamCountry "FIN"]
[BlackTeamCountry "FIN"]

1. d4 Nf6 2. Nf3 g6 3. g3 Bg7 4. Bg2 0-0 5. 0-0 d6 6. c4 Nbd7 7. Nc3 e5 8. dxe5 dxe5 9. Qc2 c6 10. e4 Qc7 11. b3 Rd8 12. Bb2 Ne8 13. Rad1 Nc5 14. Rxd8 Qxd8 15. Rd1 Qc7 16. h3 f5 17. b4 Ne6 18. exf5 gxf5 19. Qxf5 Nf4 20. Qg5 e4 21. Qxf4 Qxf4 22. gxf4 exf3 23. Rd8 fxg2 24. Rxe8+ Kf7 25. Rd8 Bf6 26. Rd3 Bf5 27. Rg3 Rd8 28. Kxg2 Rd2 29. Bc1 Rc2 30. Be3 Rxc3 31. Bxa7 Rxc4 32. Bc5 Rxf4 33. Ra3 Be4+ 34. Kf1 b5 35. Ra7+ Ke6 36. a4 bxa4 37. Rxa4 Rf3 38. b5 Bd3+ 39. Kg2 Rf5 40. Be3 cxb5 41. Ra7 b4 0-1

[Event "Thailand op 15th"]
[Site "Pattaya"]
[Date "2015.04.12"]
[Round "1"]
[White "Ilmoni, Tommy"]
[Black "Ganguly, Surya Shekhar"]
[Result "0-1"]
[WhiteElo "2091"]
[BlackElo "2603"]
[PlyCount "60"]
[EventDate "2015.04.12"]
[EventType "swiss"]
[EventRounds "9"]
[EventCountry "THA"]
[SourceTitle "CBM 166 Extra"]
[Source "ChessBase"]
[SourceDate "2015.06.18"]
[SourceVersion "1"]
[SourceVersionDate "2015.06.18"]
[SourceQuality "1"]

1. d4 Nf6 2. c4 g6 3. Nf3 Bg7 4. g3 0-0 5. Bg2 d6 6. Nc3 Nbd7 7. 0-0 e5 8. dxe5 dxe5 9. Qc2 c6 10. Rd1 Qe7 11. e4 b6 12. b3 Bb7 13. a4 Rfd8 14. Ba3 Qe8 15. a5 Bf8 16. Bb2 Rab8 17. axb6 axb6 18. Ra7 h6 19. Bh3 b5 20. Bxd7 Nxd7 21. cxb5 cxb5 22. Nd5 Qe6 23. Qc7 Bd6 24. Qa5 Qg4 25. Kg2 Bxd5 26. Rxd5 Nf8 27. Rxd6 Rxd6 28. Bxe5 Rd3 29. Rxf7 Kxf7 30. Qc7+ Nd7 0-1

[Event "FIN-chT1A 1415"]
[Site "Finland"]
[Date "2015.03.14"]
[Round "7.7"]
[White "Viljava, Tapani"]
[Black "Ilmoni, Tommy"]
[Result "0-1"]
[WhiteElo "2173"]
[BlackElo "2088"]
[PlyCount "70"]
[EventDate "2014.09.27"]
[EventType "team-tourn"]
[EventRounds "7"]
[EventCountry "FIN"]
[SourceTitle "EXT 2017"]
[Source "ChessBase"]
[SourceDate "2016.10.25"]
[SourceVersion "1"]
[SourceVersionDate "2016.10.25"]
[SourceQuality "1"]
[WhiteTeam "Helsinki KS 58"]
[BlackTeam "Helsinki Garde"]
[WhiteTeamCountry "FIN"]
[BlackTeamCountry "FIN"]

1. g3 e5 2. Bg2 Nc6 3. c4 g6 4. Nc3 Bg7 5. d3 d6 6. Rb1 a5 7. a3 Nge7 8. b4 axb4 9. axb4 0-0 10. e3 f5 11. b5 Nb8 12. Nge2 Nd7 13. 0-0 Kh8 14. Bb2 Nc5 15. Qc2 c6 16. Ra1 Bd7 17. Rxa8 Qxa8 18. Ra1 Qb8 19. Na4 Ne6 20. bxc6 Bxc6 21. Bxc6 bxc6 22. Rb1 Qc7 23. Bc3 Rb8 24. Rxb8+ Qxb8 25. Qb2 Qxb2 26. Bxb2 Kg8 27. Ba3 Nc8 28. Nac3 Kf7 29. Kg2 g5 30. h3 h5 31. g4 hxg4 32. hxg4 f4 33. Kf3 Bf8 34. Bb4 Be7 35. Ba5 Nc5 0-1

[Event "FIN-chT1A 1415"]
[Site "Finland"]
[Date "2015.01.10"]
[Round "5.5"]
[White "Erlund, Kaj"]
[Black "Ilmoni, Tommy"]
[Result "0-1"]
[WhiteElo "2041"]
[BlackElo "2088"]
[PlyCount "70"]
[EventDate "2014.09.27"]
[EventType "team-tourn"]
[EventRounds "7"]
[EventCountry "FIN"]
[SourceTitle "EXT 2017"]
[Source "ChessBase"]
[SourceDate "2016.10.25"]
[SourceVersion "1"]
[SourceVersionDate "2016.10.25"]
[SourceQuality "1"]
[WhiteTeam "Loimaa SK"]
[BlackTeam "Helsinki Garde"]
[WhiteTeamCountry "FIN"]
[BlackTeamCountry "FIN"]

1. e4 c6 2. d4 d5 3. e5 Bf5 4. Nf3 e6 5. Be2 Ne7 6. 0-0 Nd7 7. c4 dxc4 8. Bxc4 Nb6 9. Bb3 Bg4 10. Be3 Nf5 11. Nbd2 Bb4 12. Ne4 Bxf3 13. Qxf3 Nd5 14. Rad1 0-0 15. Qh3 Qh4 16. Qf3 h6 17. a3 Ba5 18. Nc5 Qe7 19. Bc2 Ndxe3 20. fxe3 Bb6 21. Nd3 Rad8 22. b4 Nxe3 23. Nc5 Nxd1 24. Qe4 g6 25. Bxd1 Bxc5 26. dxc5 Qd7 27. Bc2 Qd4+ 28. Kh1 Qxe4 29. Bxe4 Rd4 30. Re1 Rfd8 31. Kg1 Rd1 32. Kf2 Kg7 33. b5 Rxe1 34. Kxe1 cxb5 35. Bxb7 Rd4 0-1

[Event "FIN-chT1A 1415"]
[Site "Finland"]
[Date "2014.10.18"]
[Round "2.6"]
[White "Ilmoni, Tommy"]
[Black "Terho, Jarmo"]
[Result "1/2-1/2"]
[WhiteElo "2088"]
[BlackElo "1902"]
[PlyCount "47"]
[EventDate "2014.09.27"]
[EventType "team-tourn"]
[EventRounds "7"]
[EventCountry "FIN"]
[SourceTitle "EXT 2017"]
[Source "ChessBase"]
[SourceDate "2016.10.25"]
[SourceVersion "1"]
[SourceVersionDate "2016.10.25"]
[SourceQuality "1"]
[WhiteTeam "Helsinki Garde"]
[BlackTeam "Tampere Tammer II"]
[WhiteTeamCountry "FIN"]
[BlackTeamCountry "FIN"]

1. d4 d5 2. c4 e5 3. dxe5 d4 4. a3 Nc6 5. Nf3 Be6 6. Qc2 a5 7. Bf4 Be7 8. Nbd2 g5 9. Bg3 g4 10. Ng1 h5 11. f4 Nh6 12. Bf2 Nf5 13. g3 Ne3 14. Bxe3 dxe3 15. 0-0-0 exd2+ 16. Rxd2 Qc8 17. Bg2 Bc5 18. Qc3 Ke7 19. Bxc6 bxc6 20. e4 Qa6 21. Rc2 Qb6 22. Ne2 Bb4 23. Qd4 Bc5 24. Qc3 1/2-1/2

[Event "FIN-chT 1314"]
[Site "Finland"]
[Date "2013.10.13"]
[Round "4.6"]
[White "Tommiska, Matti"]
[Black "Ilmoni, Tommy"]
[Result "1-0"]
[WhiteElo "2235"]
[BlackElo "2083"]
[PlyCount "75"]
[EventDate "2013.09.21"]
[EventType "team-tourn"]
[EventRounds "11"]
[EventCountry "FIN"]
[SourceTitle "EXT 2014"]
[Source "ChessBase"]
[SourceDate "2013.11.20"]
[SourceVersion "1"]
[SourceVersionDate "2013.11.20"]
[SourceQuality "1"]
[WhiteTeam "Vantaa EtVaS"]
[BlackTeam "Helsinki Garde"]
[WhiteTeamCountry "FIN"]
[BlackTeamCountry "FIN"]

1. e4 c6 2. d4 d5 3. exd5 cxd5 4. c4 Nf6 5. Nc3 e6 6. Bg5 Be7 7. Nf3 Nc6 8. Bd3 dxc4 9. Bxc4 0-0 10. 0-0 a6 11. a3 b5 12. Bb3 Na5 13. Ba2 Bb7 14. Ne5 Ne4 15. Bxe7 Qxe7 16. Nxe4 Bxe4 17. Re1 Bb7 18. b4 Nc4 19. Nxc4 bxc4 20. Bxc4 Rac8 21. Bf1 Rfd8 22. Qg4 Qf6 23. Rad1 h5 24. Qxh5 Rxd4 25. Rxd4 Qxd4 26. Qe5 Qc3 27. Qxc3 Rxc3 28. Re3 Rc1 29. f3 Bd5 30. Kf2 Rc6 31. a4 f6 32. b5 axb5 33. axb5 Rc2+ 34. Re2 Rc3 35. Rb2 Kf7 36. b6 Bb7 37. Rd2 Ke7 38. Bb5 1-0

[Event "Thailand op 11th"]
[Site "Pattaya"]
[Date "2011.04.12"]
[Round "2"]
[White "Hopman, Pieter"]
[Black "Ilmoni, Tommy"]
[Result "1-0"]
[WhiteElo "2365"]
[BlackElo "2121"]
[PlyCount "69"]
[EventDate "2011.04.11"]
[EventType "swiss"]
[EventRounds "9"]
[EventCountry "THA"]
[SourceTitle "CBM 141 Extra"]
[Source "ChessBase"]
[SourceDate "2011.05.03"]
[SourceVersion "1"]
[SourceVersionDate "2011.05.03"]
[SourceQuality "1"]

1. d4 Nf6 2. c4 e5 3. dxe5 Ng4 4. Bf4 Bb4+ 5. Nd2 Nc6 6. Ngf3 Qe7 7. e3 Ngxe5 8. Nxe5 Nxe5 9. Be2 d6 10. 0-0 Bxd2 11. Qxd2 0-0 12. Rfc1 b6 13. b4 Bb7 14. Qc3 Nd7 15. a3 f5 16. Re1 h6 17. Bg3 Qf6 18. Qb3 Kh7 19. Rac1 a5 20. c5 a4 21. Qd1 bxc5 22. Bb5 Nb6 23. bxc5 dxc5 24. Rxc5 c6 25. Bd3 Nd5 26. Qc2 g6 27. h3 Ne7 28. Be5 Qe6 29. Rb1 Bc8 30. Ba1 Bd7 31. Rb7 Rf7 32. Qc3 Nd5 33. Qd4 Qd6 34. Bc4 Rb8 35. Bxd5 1-0

[Event "FIN Team Cup"]
[Site "Finland"]
[Date "2011.03.26"]
[Round "1.2"]
[White "Ilmoni, Tommy"]
[Black "Luukkonen, Tommi"]
[Result "1/2-1/2"]
[WhiteElo "2121"]
[BlackElo "2310"]
[PlyCount "90"]
[EventDate "2011.03.26"]
[EventType "team-k.o."]
[EventRounds "5"]
[EventCountry "FIN"]
[SourceTitle "EXT 2022"]
[Source "ChessBase"]
[SourceDate "2021.10.06"]
[SourceVersion "1"]
[SourceVersionDate "2021.10.06"]
[SourceQuality "1"]
[WhiteTeam "Espoo SK"]
[BlackTeam "Helsinki HSK"]
[WhiteTeamCountry "FIN"]
[BlackTeamCountry "FIN"]

1. d4 d5 2. c4 e6 3. Nc3 c6 4. cxd5 exd5 5. Nf3 Bd6 6. Qb3 Ne7 7. Bg5 0-0 8. e3 b5 9. Bd3 a5 10. a4 b4 11. Ne2 Na6 12. Rc1 f6 13. Bf4 Bg4 14. h3 Bh5 15. Qc2 b3 16. Bxh7+ Kh8 17. Qb1 Bxf3 18. gxf3 f5 19. Bxf5 Nxf5 20. Rxc6 Nb4 21. Rc3 Nh4 22. Rxb3 Nxf3+ 23. Kd1 Qd7 24. Bxd6 Qxd6 25. Nf4 Rxf4 26. exf4 Qxf4 27. Re3 Qxd4+ 28. Ke2 Qd2+ 29. Kf1 Qxe3 30. fxe3 Nd2+ 31. Ke2 Nxb1 32. Rxb1 Rc8 33. Kf3 Rc2 34. b3 Nd3 35. e4 dxe4+ 36. Kxe4 Rc1 37. Rxc1 Nxc1 38. b4 axb4 39. Kd4 g5 40. Kc4 b3 41. Kc3 Kg7 42. a5 b2 43. Kxb2 Nd3+ 44. Kc3 Nf4 45. Kc4 Ne6 1/2-1/2

[Event "Vantaa We EtVaS"]
[Site "Vantaa"]
[Date "2011.??.??"]
[Round "3"]
[White "Kireev, Aleksei"]
[Black "Ilmoni, Tommy"]
[Result "1-0"]
[WhiteElo "2386"]
[BlackElo "2126"]
[PlyCount "67"]
[EventDate "2011.??.??"]
[EventType "swiss"]
[EventRounds "5"]
[EventCountry "FIN"]
[SourceTitle "EXT 2022"]
[Source "ChessBase"]
[SourceDate "2021.10.06"]
[SourceVersion "1"]
[SourceVersionDate "2021.10.06"]
[SourceQuality "1"]

1. g3 Nf6 2. Bg2 g6 3. d3 Bg7 4. c3 0-0 5. e4 c6 6. Nh3 d5 7. f3 Qb6 8. Qe2 dxe4 9. dxe4 Qa6 10. Nf2 Be6 11. Na3 Rd8 12. Be3 Nfd7 13. Qxa6 Nxa6 14. Bh3 Bxh3 15. Nxh3 Ne5 16. Ke2 Nd3 17. Rab1 b6 18. Nf2 Ndc5 19. Rhd1 Na4 20. Rxd8+ Rxd8 21. Nd1 f5 22. exf5 gxf5 23. Rc1 Kf7 24. Nb1 N4c5 25. Nf2 e5 26. Nd2 Ne6 27. Nd3 Nac7 28. Nc4 Rd5 29. Nb4 f4 30. Bf2 fxg3 31. hxg3 c5 32. Nxd5 Nxd5 33. Rd1 Nf6 34. Nxe5+ 1-0

[Event "Vantaa We EtVaS"]
[Site "Vantaa"]
[Date "2011.??.??"]
[Round "1"]
[White "Kokkila, Tero"]
[Black "Ilmoni, Tommy"]
[Result "1-0"]
[WhiteElo "2319"]
[BlackElo "2126"]
[PlyCount "63"]
[EventDate "2011.??.??"]
[EventType "swiss"]
[EventRounds "5"]
[EventCountry "FIN"]
[SourceTitle "EXT 2022"]
[Source "ChessBase"]
[SourceDate "2021.10.06"]
[SourceVersion "1"]
[SourceVersionDate "2021.10.06"]
[SourceQuality "1"]

1. e4 c6 2. d4 d5 3. Nd2 dxe4 4. Nxe4 Nf6 5. Nxf6+ gxf6 6. Nf3 Bg4 7. c3 e6 8. g3 Bd6 9. Bg2 Nd7 10. 0-0 Qc7 11. b4 a5 12. h3 Bh5 13. bxa5 Rxa5 14. c4 Rg8 15. Qe1 Ra4 16. c5 Be7 17. Bf4 e5 18. Be3 Bxf3 19. Bxf3 exd4 20. Bd2 Nxc5 21. Kh2 Ne6 22. Qe4 Bd6 23. Bg4 Ke7 24. Bxe6 Bxg3+ 25. Kh1 Be5 26. Bb3 Raa8 27. f4 Rg3 28. Rf3 Rxf3 29. Qxf3 Bd6 30. Re1+ Kf8 31. Qe4 c5 32. Qxh7 1-0

[Event "Vantaa We EtVaS"]
[Site "Vantaa"]
[Date "2011.??.??"]
[Round "5"]
[White "Penttila, Tero"]
[Black "Ilmoni, Tommy"]
[Result "0-1"]
[WhiteElo "2045"]
[BlackElo "2126"]
[PlyCount "68"]
[EventDate "2011.??.??"]
[EventType "swiss"]
[EventRounds "5"]
[EventCountry "FIN"]
[SourceTitle "EXT 2022"]
[Source "ChessBase"]
[SourceDate "2021.10.06"]
[SourceVersion "1"]
[SourceVersionDate "2021.10.06"]
[SourceQuality "1"]

1. e4 c6 2. d4 d5 3. Nc3 dxe4 4. Nxe4 Nf6 5. Ng3 g6 6. c3 Bg7 7. Bd3 Nbd7 8. Nf3 0-0 9. 0-0 b6 10. Qc2 Bb7 11. Ne5 c5 12. Nxd7 Nxd7 13. dxc5 Nxc5 14. Be2 Qc7 15. Be3 Rad8 16. Rad1 Ne6 17. Ne4 Nd4 18. Bxd4 Bxd4 19. Bf3 Be5 20. h3 Bf4 21. Qe2 Bc8 22. Nd2 Be6 23. Rfe1 Bxa2 24. Nf1 Be6 25. Qe4 Bd6 26. Ne3 Bc5 27. Rxd8 Rxd8 28. Bg4 Bb3 29. Bd1 Bxd1 30. Rxd1 Rxd1+ 31. Nxd1 Qd7 32. Ne3 Qd2 33. Ng4 h5 34. b4 Bd6 0-1

[Event "Espoo We ESK"]
[Site "Espoo"]
[Date "2009.??.??"]
[Round "3"]
[White "Ilmoni, Tommy"]
[Black "Puroila, Sippo"]
[Result "1/2-1/2"]
[WhiteElo "2102"]
[BlackElo "1946"]
[PlyCount "56"]
[EventDate "2009.??.??"]
[EventType "swiss"]
[EventRounds "5"]
[EventCountry "FIN"]
[SourceTitle "EXT 2022"]
[Source "ChessBase"]
[SourceDate "2021.10.06"]
[SourceVersion "1"]
[SourceVersionDate "2021.10.06"]
[SourceQuality "1"]

1. d4 Nf6 2. c4 g6 3. Nc3 c5 4. e3 cxd4 5. exd4 d5 6. cxd5 Nxd5 7. Nf3 Bg7 8. Be2 0-0 9. 0-0 Nc6 10. h3 Bf5 11. Qb3 Nxc3 12. bxc3 b6 13. Bf4 Rc8 14. Ba6 Na5 15. Qb2 Rc6 16. Bb5 Rc8 17. Rac1 Be6 18. Rfe1 Bc4 19. Bg5 Qd5 20. Bxc4 Nxc4 21. Qe2 e6 22. Bf4 Rfe8 23. Qe4 Red8 24. h4 Qxe4 25. Rxe4 Rd5 26. Kf1 h5 27. Re2 Bf6 28. g3 Bg7 1/2-1/2

[Event "Espoo We ESK Wahlstedt Memorial"]
[Site "Espoo"]
[Date "2008.12.??"]
[Round "2"]
[White "Ilmoni, Tommy"]
[Black "Rautanen, Sari"]
[Result "1-0"]
[WhiteElo "2106"]
[BlackElo "1961"]
[PlyCount "153"]
[EventDate "2008.12.05"]
[EventType "swiss"]
[EventRounds "5"]
[EventCountry "FIN"]
[SourceTitle "EXT 2022"]
[Source "ChessBase"]
[SourceDate "2021.10.06"]
[SourceVersion "1"]
[SourceVersionDate "2021.10.06"]
[SourceQuality "1"]

1. d4 d6 2. Nf3 Bg4 3. h3 Bxf3 4. gxf3 Nd7 5. e4 Ngf6 6. Bc4 e5 7. c3 Nb6 8. Bb3 Qd7 9. a4 a5 10. Be3 exd4 11. cxd4 d5 12. e5 Bb4+ 13. Nc3 Nh5 14. f4 g6 15. Qg4 Ng7 16. Ke2 c6 17. Rac1 h5 18. Qxd7+ Kxd7 19. Rhg1 Be7 20. Bc2 Ke6 21. Bb3 Kd7 22. Kd3 Nf5 23. Ne2 Bh4 24. Ng3 Ng7 25. Ke2 Nc8 26. Bd2 Ne7 27. Bc2 Ke6 28. Bb3 Kd7 29. Kf3 Nef5 30. Be3 Rhg8 31. Bc2 Ke6 32. Bd3 Be7 33. Bb1 Nh4+ 34. Ke2 Nhf5 35. Kd3 Bb4 36. Ba2 Kd7 37. Ne2 Ne6 38. Nc3 Be7 39. Rc2 Nh4 40. Rgc1 Rgc8 41. Bd2 Ng2 42. Ne2 Nh4 43. Rg1 Ng7 44. Bb1 Ngf5 45. Be3 Nf3 46. Rgc1 Bb4 47. Nc3 N5h4 48. Ba2 Ng2 49. Ke2 Nfh4 50. Rg1 Nxe3 51. fxe3 Nf5 52. Rcc1 Ra6 53. Bb1 Ke6 54. Rg5 Ng7 55. Ba2 Be7 56. Rg2 Raa8 57. Kd3 Kd7 58. Bb1 Nf5 59. e4 dxe4+ 60. Nxe4 Ke8 61. Ng3 Nh4 62. Rf2 Rd8 63. Ke4 Rac8 64. Ba2 c5 65. d5 Nf5 66. Nxf5 gxf5+ 67. Kxf5 Bh4 68. Rg2 Kf8 69. Rcg1 c4 70. d6 Ke8 71. Rc2 f6 72. Ke6 Kf8 73. Rxc4 Rxc4 74. Bxc4 Re8+ 75. Kd5 fxe5 76. fxe5 Bf2 77. Rf1 1-0

[Event "Benidorm Bali op-A"]
[Site "Benidorm"]
[Date "2003.11.25"]
[Round "6"]
[White "Tscharotschkin, Michael"]
[Black "Ilmoni, Tommy"]
[Result "1-0"]
[WhiteElo "2214"]
[BlackElo "2150"]
[PlyCount "71"]
[EventDate "2003.11.21"]
[EventType "swiss"]
[EventRounds "9"]
[EventCountry "ESP"]
[SourceTitle "CBM 097 Extra"]
[Source "ChessBase"]
[SourceDate "2004.01.13"]
[SourceVersion "1"]
[SourceVersionDate "2004.01.13"]
[SourceQuality "1"]

1. e4 c6 2. d4 d5 3. Nc3 dxe4 4. Nxe4 Nf6 5. Nxf6+ gxf6 6. Bc4 Bf5 7. Ne2 e6 8. Ng3 Bg6 9. 0-0 Nd7 10. Re1 Nb6 11. Bb3 Qc7 12. Qf3 Be7 13. Bh6 0-0-0 14. Bg7 Rhg8 15. Bxf6 Bxf6 16. Qxf6 h5 17. Rad1 Nd5 18. Bxd5 Rxd5 19. Rxe6 h4 20. Re7 Qd8 21. Qxh4 Bxc2 22. Rde1 Rxd4 23. Qf6 Bg6 24. Qe5 Rd5 25. Qe3 Qa5 26. a3 Rgd8 27. b4 Qa4 28. Qf4 R5d7 29. Rxd7 Rxd7 30. h4 Qxa3 31. h5 Bc2 32. Re8+ Rd8 33. Rxd8+ Kxd8 34. Qb8+ Ke7 35. Qxb7+ Kf8 36. Qxc6 1-0

[Event "Benidorm Bali op-A"]
[Site "Benidorm"]
[Date "2003.11.23"]
[Round "3"]
[White "Ilmoni, Tommy"]
[Black "Fernandez Garcia, Ignacio"]
[Result "1-0"]
[WhiteElo "2150"]
[BlackElo "2006"]
[PlyCount "107"]
[EventDate "2003.11.21"]
[EventType "swiss"]
[EventRounds "9"]
[EventCountry "ESP"]
[SourceTitle "CBM 097 Extra"]
[Source "ChessBase"]
[SourceDate "2004.01.13"]
[SourceVersion "1"]
[SourceVersionDate "2004.01.13"]
[SourceQuality "1"]

1. d4 Nf6 2. c4 g6 3. Nc3 Bg7 4. e4 d6 5. f3 Nbd7 6. Be3 0-0 7. Qd2 c5 8. Nge2 a6 9. Ng3 Qc7 10. Be2 cxd4 11. Bxd4 Nc5 12. 0-0 Ne6 13. Be3 Re8 14. Rfc1 Bd7 15. Nd5 Qd8 16. Bb6 Qb8 17. Rab1 Bc6 18. b4 Nd7 19. Be3 b5 20. f4 Bxd5 21. exd5 Nef8 22. c5 f5 23. Bf3 a5 24. c6 Nb6 25. bxa5 Na4 26. Be2 Nc5 27. Rxb5 Qc7 28. Bxc5 dxc5 29. Bc4 Qd6 30. Ne2 e5 31. fxe5 Bxe5 32. g3 Ne6 33. Rb7 Rad8 34. Qc2 Ng5 35. Kg2 f4 36. Nxf4 Bxf4 37. gxf4 Qxf4 38. d6+ Kh8 39. Qc3+ Re5 40. Rf1 Qe4+ 41. Kg1 Qg4+ 42. Qg3 Qd4+ 43. Kg2 Qxd6 44. Rb6 Rde8 45. Qf4 Qe7 46. Qf6+ Qxf6 47. Rxf6 Re4 48. Bf1 Rg4+ 49. Kh1 Ne4 50. Rf7 Nd6 51. c7 Nxf7 52. Rb8 Rge4 53. Bb5 Rg8 54. Rxg8+ 1-0

[Event "FIN-chT1B 0304"]
[Site "Finland"]
[Date "2003.11.15"]
[Round "3.1"]
[White "Vakeva, Jani"]
[Black "Ilmoni, Tommy"]
[Result "1-0"]
[WhiteElo "2140"]
[BlackElo "2150"]
[PlyCount "91"]
[EventDate "2003.09.??"]
[EventType "team-tourn"]
[EventRounds "7"]
[EventCountry "FIN"]
[SourceTitle "EXT 2022"]
[Source "ChessBase"]
[SourceDate "2021.10.06"]
[SourceVersion "1"]
[SourceVersionDate "2021.10.06"]
[SourceQuality "1"]
[WhiteTeam "Kuusankoski POKS"]
[BlackTeam "Espoo SK"]
[WhiteTeamCountry "FIN"]
[BlackTeamCountry "FIN"]

1. d4 Nf6 2. c4 e5 3. dxe5 Ng4 4. Bf4 Bb4+ 5. Nd2 Nc6 6. Ngf3 Qe7 7. a3 Ncxe5 8. Nxe5 Nxe5 9. e3 Bxd2+ 10. Qxd2 0-0 11. Qc3 Re8 12. c5 d5 13. cxd6 cxd6 14. Be2 b6 15. 0-0 Bb7 16. Rac1 Ng6 17. Bg3 Rac8 18. Qd4 d5 19. Bg4 Rc4 20. Rxc4 dxc4 21. Qxc4 Ne5 22. Bxe5 Qxe5 23. Qa4 a6 24. Rd1 b5 25. Qd4 Qxd4 26. Rxd4 g6 27. Rd6 Kf8 28. Rb6 Bc8 29. Bxc8 Rxc8 30. g3 Rc2 31. b4 a5 32. bxa5 Ra2 33. Rxb5 Rxa3 34. Kg2 Ke7 35. h4 h5 36. Kf3 Ke6 37. Kf4 Ra4+ 38. e4 f6 39. f3 Ra3 40. Rb6+ Ke7 41. a6 Ra5 42. Rb7+ Ke6 43. a7 Ra3 44. Rg7 Ra4 45. g4 hxg4 46. fxg4 1-0